Aké sú dôsledky asymetrických informácií na poistnom trhu?

Recenzia na monografiu, ktorá sa zameriava na dostupnosť, vyváženosť alebo skôr nevyváženosť informácií v poisťovníctve.

Na minha lista:
Detalhes bibliográficos
Autor principal: Littvová, Zuzana
Formato: Capítulo de Livro
Idioma:eslovaco
Assuntos:
Tags: Adicionar Tag
Sem tags, seja o primeiro a adicionar uma tag!

MARC

LEADER 00000nla a2200000 4500
001 0242399
005 20240417075137.2
041 0 |a slo 
044 |a SK 
245 1 0 |a Aké sú dôsledky asymetrických informácií na poistnom trhu?  |c Zuzana Littvová 
520 |a Recenzia na monografiu, ktorá sa zameriava na dostupnosť, vyváženosť alebo skôr nevyváženosť informácií v poisťovníctve. 
610 2 0 |a trh poistný 
610 2 0 |a informácie 
610 2 0 |a poisťovníctvo 
610 2 0 |a recenzie 
100 1 |a Littvová, Zuzana